Pojmy a termíny (pro jakostní komunikaci mezi lidmi)
Podrobná analýza výrazov "pojem" a "termín", ich rozdielov, chápaní v rôznych jazykoch a sociálnych skupinách ľudí. Zamyslenie nad otázkou či je skutočne kvalita a akosť to isté.
Gespeichert in:
| 1. Verfasser: | |
|---|---|
| Format: | Buchkapitel |
| Sprache: | Tschechisch |
| Schlagworte: | |
| Tags: |
Keine Tags, Fügen Sie das erste Tag hinzu!
|
MARC
| LEADER | 00000naa a2200000 4500 | ||
|---|---|---|---|
| 001 | r046232 | ||
| 005 | 20230524134723.3 | ||
| 041 | 0 | |a cze | |
| 044 | |a CZ | ||
| 245 | 1 | 0 | |a Pojmy a termíny |b (pro jakostní komunikaci mezi lidmi) |c Zdeněk Janeček |
| 520 | |a Podrobná analýza výrazov "pojem" a "termín", ich rozdielov, chápaní v rôznych jazykoch a sociálnych skupinách ľudí. Zamyslenie nad otázkou či je skutočne kvalita a akosť to isté. | ||
| 610 | 2 | 0 | |a terminológia |
| 610 | 2 | 0 | |a jazykoveda |
| 610 | 2 | 0 | |a pojmy |
| 610 | 2 | 0 | |a kvalita |
| 610 | 2 | 0 | |a jazyky cudzie |
| 100 | 1 | |a Janeček, Zdeněk | |